[Event "45th Capablanca Mem Open"]
[Site "Havana CUB"]
[Date "2010.06.16"]
[Round "6"]
[White "Diaz Hernandez,H"]
[Black "Lebredo Zaragoitia,G"]
[Result "1-0"]
[WhiteElo "2335"]
[BlackElo "2262"]
[EventDate "2010.06.10"]

1. e4 e6 2. Nc3 d5 3. d4 Bb4 4. exd5 exd5 5. Bd3 Nf6 6. Nge2 h6 7. a3 Bxc3+
8. Nxc3 O-O 9. O-O Nc6 10. Ne2 Re8 11. c3 a5 12. Ng3 Bg4 13. f3 Bd7 14. Bf4
Qe7 15. Bxc7 Bf5 16. Nxf5 Qxc7 17. Qd2 Re6 18. Rfe1 Rae8 19. Rxe6 fxe6 20.
Ng3 e5 21. dxe5 Rxe5 22. Qf2 Qe7 23. f4 Ng4 24. Qd2 Qc5+ 25. Kh1 Nf2+ 26.
Qxf2 Qxf2 27. fxe5 Nxe5 28. Bf5 Qxb2 29. Rf1 Qxc3 30. Be6+ Kh7 31. Bxd5 b5
32. Be4+ g6 33. Nh5 b4 34. axb4 axb4 35. Nf6+ Kh8 36. Ne8 Qc4 37. Rf8+ Kh7
38. h3 Nd7 39. Bxg6+ Kxg6 40. Rf3 Qc1+ 41. Kh2 1-0

[Event "45th Capablanca Mem Open"]
[Site "Havana CUB"]
[Date "2010.06.16"]
[Round "6"]
[White "Boada,W"]
[Black "Ordunez Echarte,D"]
[Result "1-0"]
[WhiteElo "2266"]
[BlackElo "2322"]
[EventDate "2010.06.10"]

1. d4 Nf6 2. c4 e6 3. Nf3 b6 4. g3 Ba6 5. Qc2 Bb7 6. Bg2 c5 7. d5 exd5 8.
cxd5 d6 9. Nc3 Be7 10. e4 O-O 11. O-O Nbd7 12. Bf4 a6 13. a4 Ng4 14. h3
Nge5 15. Nd2 Ng6 16. Be3 Rc8 17. Nc4 Nde5 18. b3 Bf6 19. Rab1 Re8 20. Rfe1
h5 21. f4 Nxc4 22. bxc4 h4 23. e5 dxe5 24. f5 Nf8 25. g4 e4 26. Nxe4 Nd7
27. g5 Be5 28. Qf2 b5 29. axb5 Nb6 30. g6 Nxc4 31. gxf7+ Kxf7 32. Ng5+ Qxg5
33. Bxg5 Bd4 34. Bxh4 axb5 35. Rxe8 Rxe8 36. Rxb5 Ba6 37. Rxc5 Re1+ 38. Kh2
Bxf2 39. Bxf2 Re2 40. Kg3 Nd6 41. Rc7+ Kg8 42. f6 gxf6 43. Rc6 Nf5+ 44. Kf3
Ra2 45. Rxf6 Ra3+ 46. Kf4 Bc8 47. Bc5 Ra4+ 48. Be4 Kg7 49. Rxf5 1-0

[Event "45th Capablanca Mem Open"]
[Site "Havana CUB"]
[Date "2010.06.16"]
[Round "6"]
[White "Pedersen,F"]
[Black "Moncayo Romero,E"]
[Result "1-0"]
[WhiteElo "2315"]
[BlackElo "2122"]
[EventDate "2010.06.10"]

1. Nf3 Nf6 2. c4 g6 3. b3 Bg7 4. Bb2 O-O 5. g3 d6 6. Bg2 e5 7. d3 c6 8. O-O
Bg4 9. c5 Re8 10. cxd6 Bxf3 11. Bxf3 Qxd6 12. Nd2 Nbd7 13. Nc4 Qc7 14. b4
Rad8 15. Qb3 Nb6 16. Rac1 Nxc4 17. Rxc4 Qb6 18. Rfc1 Bh6 19. Rxc6 bxc6 20.
Rxc6 Be3 21. Rxb6 Bxb6 22. Bc6 Re6 23. Bf3 e4 24. dxe4 Nxe4 25. Bxe4 Rxe4
26. e3 Re6 27. Qc3 f6 28. a4 Rb8 29. Qc4 Kf7 30. Bxf6 Rb7 31. Qd5 Rc7 32.
Bg5 a6 33. Kg2 a5 34. Bd8 Rcc6 35. Bxb6 Rxb6 36. Qxa5 Rbd6 37. Qc7+ Kg8 38.
b5 Rd2 39. Qc4 Kf7 40. b6 Rb2 41. a5 g5 42. Qd5 h6 43. a6 1-0

[Event "45th Capablanca Mem Open"]
[Site "Havana CUB"]
[Date "2010.06.16"]
[Round "6"]
[White "Castillo Coca,M"]
[Black "Quesada Vera,L"]
[Result "1-0"]
[WhiteElo "2106"]
[BlackElo "2308"]
[EventDate "2010.06.10"]

1. e4 e5 2. Bc4 Nf6 3. d3 Nc6 4. Nf3 Be7 5. c3 a6 6. Bb3 O-O 7. O-O d6 8.
Nbd2 Na5 9. Bc2 c5 10. Re1 Re8 11. Nf1 Bf8 12. Bg5 h6 13. Bh4 g5 14. Bg3
Nh5 15. Ne3 Nf4 16. d4 Qf6 17. dxe5 dxe5 18. Nd5 Qd8 19. Bxf4 gxf4 20. Qe2
Bg4 21. Rad1 Bd6 22. Qd3 c4 23. Qe2 b5 24. h3 Bh5 25. Rd2 Re6 26. Kh2 Nc6
27. b3 Na5 28. Red1 Kg7 29. Nxf4 exf4 30. e5 cxb3 31. Rxd6 Qe7 32. axb3
Rxd6 33. Rxd6 Re8 34. Rxa6 Nb7 35. Ra7 Rb8 36. Be4 Qd7 37. Qa2 Bg6 38. Bxg6
Kxg6 39. Qa6+ Kh7 40. Qf6 Qd5 41. Ra6 Nc5 42. Qxh6+ Kg8 43. Qg5+ Kf8 44.
Rh6 1-0

[Event "45th Capablanca Mem Open"]
[Site "Havana CUB"]
[Date "2010.06.16"]
[Round "6"]
[White "Fernandez Hernandez,A"]
[Black "Fleites Marti,Y"]
[Result "1-0"]
[WhiteElo "2303"]
[BlackElo "2168"]
[EventDate "2010.06.10"]

1. d4 d5 2. Nf3 Nf6 3. e3 e6 4. Bd3 Nbd7 5. b3 Bd6 6. Bb2 Qe7 7. Ne5 c5 8.
O-O O-O 9. a3 b6 10. Nd2 Bb7 11. f4 Ne4 12. Bxe4 dxe4 13. Ndc4 Rfd8 14. Qh5
Nf6 15. Qg5 Bxe5 16. fxe5 Nd5 17. Qxe7 Nxe7 18. Nd6 Ba6 19. Rxf7 Nc8 20.
Rc7 Nxd6 21. exd6 Rxd6 22. dxc5 bxc5 23. Rxg7+ Kf8 24. c4 Rad8 25. Rf1+ Ke8
26. Be5 Rd3 27. Rxh7 Rxb3 28. Rh8+ Kd7 29. Rf7+ Kc8 30. Rc7+ 1-0

[Event "45th Capablanca Mem Open"]
[Site "Havana CUB"]
[Date "2010.06.16"]
[Round "6"]
[White "Frometa Castillo,Z"]
[Black "Vigoa Apecheche,Yan"]
[Result "1-0"]
[WhiteElo "2109"]
[BlackElo "2302"]
[EventDate "2010.06.10"]

1. d4 Nf6 2. Bf4 g6 3. e3 Bg7 4. Nf3 d6 5. c3 b6 6. Nbd2 Bb7 7. h3 O-O 8.
Bc4 Nbd7 9. O-O Qe8 10. a4 a6 11. Bh2 e5 12. b4 Qe7 13. Qb3 Rab8 14. b5 a5
15. Qa3 Qe8 16. Rad1 h6 17. Ba2 e4 18. Ne1 Kh8 19. c4 Nh7 20. Nb3 Rg8 21.
c5 dxc5 22. dxc5 Ne5 23. c6 Bc8 24. Nd4 Ng5 25. f4 exf3 26. Nexf3 Ngxf3+
27. Nxf3 Bf5 28. Nxe5 Bxe5 29. Bxe5+ Qxe5 30. Bxf7 Rg7 31. Bd5 Re8 32. Rf3
Rge7 33. g4 Bc2 34. Rd2 Rd8 35. Qa2 Bxa4 36. e4 Bxb5 37. Rdf2 Ree8 38. Qd2
Qg5 39. Qb2+ Re5 40. Qxb5 h5 41. Rf8+ Rxf8 42. Rxf8+ Kg7 43. Qf1 Qe3+ 44.
Kh1 Kh6 45. g5+ 1-0

[Event "45th Capablanca Mem Open"]
[Site "Havana CUB"]
[Date "2010.06.16"]
[Round "6"]
[White "Garcia Fuentes,S"]
[Black "Perez Perez,O"]
[Result "1/2-1/2"]
[WhiteElo "2169"]
[BlackElo "2318"]
[EventDate "2010.06.10"]

1. e4 c5 2. Nf3 e6 3. d4 cxd4 4. Nxd4 a6 5. Nd2 Nc6 6. Nxc6 bxc6 7. Bd3 e5
8. b3 Ne7 9. Bb2 Ng6 10. O-O Bc5 11. Qf3 O-O 12. Nc4 d6 13. Ne3 Nf4 14.
Rad1 Qg5 15. Qg3 h6 16. Rfe1 a5 17. a3 g6 18. Bf1 Ba6 19. Nc4 Bxc4 20. Bxc4
Kg7 21. Bf1 f6 22. Bc1 Qxg3 23. hxg3 Ne6 24. c3 Rfd8 25. b4 axb4 26. axb4
Bb6 27. b5 cxb5 28. Bxb5 Bc5 29. Bc4 Ng5 30. Bd5 Ra4 31. Be3 Rb8 32. Bxc5
dxc5 33. f4 Nf7 34. Rb1 Rxb1 35. Rxb1 Nd6 36. c4 g5 37. Rb6 Nxc4 38. Rb7+
Kf8 39. Rf7+ Ke8 40. Rxf6 exf4 41. gxf4 gxf4 42. Rxf4 Ke7 43. Rh4 Ne3 44.
Rh5 Ng4 45. Kf1 Kf6 46. Ke2 Kg6 47. Rh1 c4 48. Rc1 Ne5 49. Ke3 Ra2 50. Bxc4
Rxg2 51. Be6 Kf6 52. Bf5 Rg3+ 53. Kf2 Ra3 54. Kg2 Kg5 55. Rc2 h5 56. Rf2
Nd3 57. Rd2 Kf4 58. Re2 h4 59. Kh2 Ra1 60. Rg2 Ne5 61. Kh3 Rh1+ 62. Rh2 Rg1
63. Rg2 Rh1+ 64. Rh2 Ra1 65. Rf2+ Nf3 66. Rxf3+ Kxf3 67. Kxh4 Rg1 68. Kh5
Kf4 69. Kh6 Ke5 70. Kh7 Kf6 71. Kh8 Kf7 72. Bh7 1/2-1/2

[Event "45th Capablanca Mem Open"]
[Site "Havana CUB"]
[Date "2010.06.16"]
[Round "6"]
[White "Pazos Gambarrotti,P"]
[Black "Corrales Jimenez,Z"]
[Result "1-0"]
[WhiteElo "2296"]
[BlackElo "2166"]
[EventDate "2010.06.10"]

1. e4 c5 2. Nc3 Nc6 3. Nf3 g6 4. d4 cxd4 5. Nxd4 Bg7 6. Be3 Nf6 7. Bc4 O-O
8. Bb3 d6 9. h3 Na5 10. O-O b6 11. Re1 Bb7 12. Bg5 Nxb3 13. axb3 Re8 14. b4
Qd7 15. Qd3 h6 16. Bh4 Nh5 17. Rad1 Rac8 18. f3 Nf4 19. Qf1 Ne6 20. Bf2 Kh7
21. Qd3 a6 22. Nxe6 fxe6 23. Bxb6 Bxc3 24. bxc3 Qc6 25. Qe3 Qxc3 26. Qf4
Rf8 27. Qg4 Qxb4 28. Be3 Rf6 29. Qh4 g5 30. Bxg5 Rg6 31. Rb1 Qc5+ 32. Be3
Qxc2 33. Bf2 Qc7 34. Rb2 Bc6 35. Rc1 Qd7 36. Rbc2 e5 37. Bb6 d5 38. exd5
Qxd5 39. Qxe7+ Kh8 40. Rf2 Rcg8 41. Rcc2 R8g7 42. Qc5 Qe6 43. Kh2 Bxf3 44.
Bc7 Bd5 45. Qe3 e4 46. Bf4 Kh7 47. Rfd2 Qg8 48. Be5 Re7 49. Rc7 Rxc7 50.
Bxc7 Qf7 51. Be5 Bc6 52. Rd8 Rg8 53. Rd2 Rg6 54. Rc2 Qd5 55. Qa7+ Bd7 56.
Rc5 Qd2 57. Bg3 Rg7 58. Rc7 Qg5 59. Qf2 Bb5 60. Rc5 Qg6 61. Be5 Rf7 62. Rc8
Qh5 63. Qg3 1-0

[Event "45th Capablanca Mem Open"]
[Site "Havana CUB"]
[Date "2010.06.16"]
[Round "6"]
[White "Infante,M"]
[Black "Espinosa Garcia,S"]
[Result "1-0"]
[WhiteElo "2277"]
[BlackElo "2134"]
[EventDate "2010.06.10"]

1. d4 Nf6 2. c4 g6 3. Nc3 Bg7 4. e4 d6 5. Nge2 O-O 6. Ng3 e5 7. d5 a5 8.
Be2 Na6 9. O-O Ne8 10. Be3 h5 11. f4 h4 12. Nh1 exf4 13. Bxf4 Nc5 14. Nf2
Qe7 15. Qd2 f6 16. Rae1 Rf7 17. Bg4 Bf8 18. Qd1 Bd7 19. Nb5 Rh7 20. Bxd7
Qxd7 21. b3 Ng7 22. Bd2 Nh5 23. Bc3 Re8 24. Nd4 Qe7 25. Qg4 g5 26. Nf5 1-0

[Event "45th Capablanca Mem Open"]
[Site "Havana CUB"]
[Date "2010.06.16"]
[Round "6"]
[White "Zepeda,L"]
[Black "Ramon Pita,V"]
[Result "1/2-1/2"]
[WhiteElo "2152"]
[BlackElo "2267"]
[EventDate "2010.06.10"]

1. e4 c6 2. d4 Na6 3. Nc3 Nc7 4. f4 d5 5. e5 Bf5 6. Nf3 e6 7. Bd3 Ne7 8.
Be3 Bxd3 9. Qxd3 Nf5 10. Bf2 h5 11. O-O-O Be7 12. g3 Qd7 13. h3 g6 14. g4
Ng7 15. Bh4 Bxh4 16. Nxh4 O-O-O 17. Ne2 Qe7 18. Ng2 Rh7 19. Ne3 hxg4 20.
hxg4 Rdh8 21. Ng3 Rxh1 22. Rxh1 Rxh1+ 23. Nxh1 Qh4 24. Qf1 b6 25. Nf2 f5
26. Kd2 Qg3 27. gxf5 exf5 28. Nd3 Nge6 29. c3 c5 30. dxc5 Nxc5 31. Qg2 Ne4+
32. Ke2 Kd7 33. Qxg3 Nxg3+ 34. Kf3 Ne4 35. Nb4 Ke6 36. Nc6 a6 37. Nd4+ Ke7
38. Nc6+ Kd7 39. Nd4 b5 40. Ke2 Ng3+ 41. Kf3 Ne4 42. Ke2 Ng3+ 43. Kf3 Ne4
1/2-1/2

[Event "45th Capablanca Mem Open"]
[Site "Havana CUB"]
[Date "2010.06.16"]
[Round "6"]
[White "Pulvett,D"]
[Black "Cancio Bello Ayes,F"]
[Result "1/2-1/2"]
[WhiteElo "2243"]
[BlackElo "2075"]
[EventDate "2010.06.10"]

1. d4 Nf6 2. c4 g6 3. Nc3 d5 4. Nf3 Bg7 5. Bg5 Ne4 6. cxd5 Nxg5 7. Nxg5 e6
8. Qd2 exd5 9. Qe3+ Kf8 10. Qf4 Bf6 11. h4 h6 12. Nf3 Kg7 13. O-O-O c6 14.
g4 b5 15. e3 Be6 16. Bd3 Be7 17. Ne5 Bd6 18. g5 h5 19. Qg3 Bxe5 20. Qxe5+
Kh7 21. Ne2 Re8 22. Qg3 Bg4 23. Rdf1 Bxe2 24. Bxe2 Qe7 25. Bd3 Nd7 26. Rh3
c5 27. f4 Rac8 28. Kb1 c4 29. Bc2 c3 30. f5 Qb4 31. fxg6+ fxg6 32. Bb3 cxb2
33. Rhh1 Qc3 34. Qd6 Qd3+ 35. Kxb2 Qc3+ 36. Kb1 Qd3+ 37. Kb2 Qc3+ 1/2-1/2

[Event "45th Capablanca Mem Open"]
[Site "Havana CUB"]
[Date "2010.06.16"]
[Round "6"]
[White "Zavarce,Oscar Enrique"]
[Black "Llaudy Pupo,L"]
[Result "0-1"]
[WhiteElo "2124"]
[BlackElo "2224"]
[EventDate "2010.06.10"]

1. e4 Nf6 2. e5 Nd5 3. c4 Nb6 4. c5 Nd5 5. Nc3 e6 6. d4 d6 7. cxd6 cxd6 8.
Nf3 Nc6 9. exd6 Bxd6 10. Bc4 O-O 11. O-O Nxc3 12. bxc3 b6 13. Bd3 Be7 14.
Qc2 g6 15. h4 Bd7 16. Bh6 Bxh4 17. Bxf8 Kxf8 18. Nxh4 Qxh4 19. Rfe1 Rc8 20.
Qd2 Kg7 21. Re3 Qf4 22. Re2 Qh4 23. Re4 Qd8 24. Ba6 Rc7 25. Bd3 Na5 26. Rc1
Bc6 27. Re2 Qh4 28. Qe3 Rd7 29. Be4 Nc4 30. Qf3 Bb5 31. Rec2 Rd6 32. Rb1
Na3 33. Rxb5 Nxb5 34. Qe2 Qg5 35. Bf3 Na3 36. Rd2 Nc4 37. Rd1 b5 38. a4 a6
39. axb5 axb5 40. Ra1 Nd2 41. Ba8 Nc4 42. Be4 h5 43. Bd3 Rc6 44. Qe4 Rc7
45. Re1 Nb6 46. Qe5+ Qxe5 47. Rxe5 Rxc3 48. Bxb5 Rc1+ 49. Kh2 Rd1 50. Re4
Nd5 51. Be2 Rd2 52. Kg3 Nf6 53. Re3 Rxd4 54. Ra3 Nd5 55. Ra7 h4+ 56. Kh2
Rd2 57. Bf3 Rxf2 58. Bxd5 exd5 59. Ra4 g5 0-1

[Event "45th Capablanca Mem Open"]
[Site "Havana CUB"]
[Date "2010.06.16"]
[Round "6"]
[White "Ubaldo Suarez,M"]
[Black "Lorenzana,W"]
[Result "0-1"]
[WhiteElo "2041"]
[BlackElo "2218"]
[EventDate "2010.06.10"]

1. d4 Nf6 2. c4 g6 3. Nc3 Bg7 4. e4 d6 5. Nf3 O-O 6. Be2 Nbd7 7. O-O e5 8.
d5 Nh5 9. g3 Bf6 10. Ne1 Ng7 11. Nd3 Be7 12. f4 f5 13. fxe5 dxe5 14. Be3 a5
15. b3 b6 16. a3 fxe4 17. Nxe4 Nf6 18. Bf3 Nf5 19. Bf2 Nd6 20. Nxd6 Bxd6
21. c5 bxc5 22. Nxc5 Qe7 23. Rc1 Bh3 24. Re1 Rab8 25. Rc4 Rb5 26. Nd3 Bf5
27. a4 Rbb8 28. Nc5 Qf7 29. Be3 h5 30. Kg2 Kh7 31. Bg5 Rfe8 32. Ne4 Nxe4
33. Bxe4 Bxe4+ 34. Rcxe4 Rf8 35. Be3 Rxb3 0-1

[Event "45th Capablanca Mem Open"]
[Site "Havana CUB"]
[Date "2010.06.16"]
[Round "6"]
[White "Mendez Fortes,E"]
[Black "Hernandez Moya,Y"]
[Result "1-0"]
[WhiteElo "2310"]
[BlackElo "2181"]
[EventDate "2010.06.10"]

1. e4 e6 2. d4 d5 3. Nd2 c5 4. Ngf3 Nf6 5. e5 Nfd7 6. c3 Nc6 7. Be2 f6 8.
exf6 Nxf6 9. O-O Bd6 10. dxc5 Bxc5 11. Nb3 Bd6 12. Bg5 O-O 13. c4 dxc4 14.
Bxc4 Kh8 15. Qe2 e5 16. h3 Qe7 17. Rfe1 e4 18. Bxf6 Qxf6 19. Qxe4 Bxh3 20.
Rad1 Bf5 21. Qh4 Qg6 22. Re2 Rad8 23. Red2 Bc2 24. Re1 Rf4 25. Qg3 Qxg3 26.
fxg3 Rxc4 27. Rxd6 Rf8 28. Nbd2 Rb4 29. b3 h6 30. Rd7 Kh7 31. Nc4 Bf5 32.
Rc7 Rc8 33. Rf7 Bg6 34. Rd7 Bf5 35. Rd5 Bg6 36. Rc5 Rd8 37. Nfd2 a6 38. Nf3
Rb5 39. Rxb5 axb5 40. Nce5 Nxe5 41. Rxe5 Be8 42. g4 Bc6 43. Kf2 Rd6 44. g5
hxg5 45. Rxg5 Rd1 46. Rc5 Rd8 47. Ke3 Kh6 48. g4 g6 49. Ne5 Ra8 50. Nxc6
bxc6 51. Rxc6 Rxa2 52. Rc5 b4 53. Rb5 Ra3 54. Rxb4 Kg5 55. Kd3 Ra1 56. Re4
Ra8 57. b4 Rb8 58. Kc4 Kh4 59. b5 g5 60. Kc5 Rf8 61. b6 Rf4 62. Rxf4 gxf4
63. b7 1-0

[Event "45th Capablanca Mem Open"]
[Site "Havana CUB"]
[Date "2010.06.16"]
[Round "6"]
[White "Gonzalez Vega,A"]
[Black "Romero Nunez,Wendy"]
[Result "1/2-1/2"]
[WhiteElo "2291"]
[BlackElo "2125"]
[EventDate "2010.06.10"]

1. d4 d5 2. c4 c6 3. Nc3 Nf6 4. e3 e6 5. Qc2 Nbd7 6. b3 Bd6 7. Nf3 O-O 8.
Be2 b6 9. O-O Bb7 10. e4 dxe4 11. Nxe4 Nxe4 12. Qxe4 Be7 13. Bb2 Re8 14.
Bd3 Nf6 15. Qh4 h6 16. Ne5 Nd7 17. Qe4 f5 18. Qe2 Nxe5 19. dxe5 Qc7 20. Bc3
Rad8 21. b4 Rd7 22. Rfd1 Red8 23. Bc2 1/2-1/2

[Event "45th Capablanca Mem Open"]
[Site "Havana CUB"]
[Date "2010.06.16"]
[Round "6"]
[White "Osorio,F"]
[Black "Herrera Sosa,J"]
[Result "1-0"]
[WhiteElo "2232"]
[BlackElo "1971"]
[EventDate "2010.06.10"]

1. e4 e5 2. Nf3 Nc6 3. Nc3 Nf6 4. Bb5 Bc5 5. O-O d6 6. d4 exd4 7. Nxd4 Bxd4
8. Qxd4 Bd7 9. Bxc6 Bxc6 10. Bg5 O-O 11. f4 Re8 12. Rae1 h6 13. Bh4 Re6 14.
Nd5 Bxd5 15. exd5 c5 16. dxc6 Rxe1 17. Rxe1 bxc6 18. Bxf6 Qxf6 19. Qxf6
gxf6 20. Re7 Rb8 21. b3 Rb4 22. Rxa7 Rd4 23. c3 Rd1+ 24. Kf2 Rd2+ 25. Kf1
d5 26. Ra6 c5 27. Rxf6 Rxa2 28. Rxh6 Rc2 29. Rd6 c4 30. b4 Rxc3 31. Rxd5
Rb3 32. b5 c3 33. Rc5 Rb1+ 34. Ke2 c2 35. Rxc2 Rxb5 36. Kf3 Kg7 37. Kg4 Kg6
38. Rc6+ f6 39. h4 Rb7 40. h5+ Kg7 41. Rc5 Kh6 42. g3 Rb6 43. Rc8 Kg7 44.
Rd8 Ra6 45. Kh4 Ra1 46. Rd7+ Kh6 47. Rd6 Kg7 48. Kg4 Ra7 49. h6+ Kg6 50.
f5+ Kxh6 51. Rxf6+ 1-0

[Event "45th Capablanca Mem Open"]
[Site "Havana CUB"]
[Date "2010.06.16"]
[Round "6"]
[White "Romero Echeverria,A"]
[Black "Rincon Gonzalez,Li"]
[Result "0-1"]
[WhiteElo "2054"]
[BlackElo "1847"]
[EventDate "2010.06.10"]

1. e4 c5 2. c3 d5 3. exd5 Qxd5 4. d4 Nf6 5. Nf3 Bg4 6. Be2 e6 7. h3 Bh5 8.
O-O Be7 9. Na3 O-O 10. Nc2 Nc6 11. Be3 cxd4 12. Ncxd4 Nxd4 13. Bxd4 Rfd8
14. Re1 Qa5 15. b4 Qc7 16. Qb3 Nd5 17. Ne5 Bxe2 18. Rxe2 b5 19. a4 a6 20.
Rea2 f6 21. Nd3 Qc4 22. Qxc4 bxc4 23. Nc5 e5 24. Be3 Nxe3 25. fxe3 Bxc5 26.
bxc5 Rd3 27. Rb2 Rc8 28. Rb6 Rxc5 29. Rxa6 Rxc3 30. Ra8+ Kf7 31. a5 Rb3 32.
a6 Rbb5 33. Rd8 Ra5 34. Rdd1 c3 35. Rxa5 Rxa5 36. Rc1 Rxa6 37. Rxc3 f5 38.
Kf2 Kf6 39. Kf3 e4+ 40. Kg3 Rd6 41. h4 h6 42. Ra3 g5 43. hxg5+ hxg5 44. Ra8
Ke5 45. Re8+ Re6 46. Ra8 f4+ 47. Kf2 Rc6 48. Ra5+ Kf6 49. g4 Rc2+ 50. Kf1
fxe3 51. Rf5+ Kg6 52. Re5 Rf2+ 53. Ke1 Rf4 54. Ke2 Rxg4 55. Kxe3 Kh5 56.
Re8 Kh4 57. Rh8+ Kg3 58. Rg8 Kh3 59. Rg7 Rg1 60. Kxe4 g4 61. Ke3 Rf1 62.
Ke2 Rf8 63. Rh7+ Kg2 64. Rg7 g3 65. Rg6 Re8+ 66. Kd2 Kf2 67. Rf6+ Kg1 68.
Rg6 g2 69. Rg7 Re5 0-1

[Event "45th Capablanca Mem Open"]
[Site "Havana CUB"]
[Date "2010.06.17"]
[Round "7"]
[White "Guerra Mendez,J"]
[Black "Ortega,Mariano"]
[Result "1/2-1/2"]
[WhiteElo "2471"]
[BlackElo "2412"]
[EventDate "2010.06.10"]

1. e4 c5 2. Nf3 d6 3. d4 cxd4 4. Nxd4 Nf6 5. Nc3 a6 6. Bc4 e6 7. Bb3 b5 8.
O-O Be7 9. Qf3 Qc7 10. Qg3 Nc6 11. Nxc6 Qxc6 12. Re1 Bb7 13. a3 O-O 14. Bh6
Ne8 15. Rad1 Kh8 16. Bg5 Bxg5 17. Qxg5 Nf6 18. Re3 Rad8 19. Rg3 Rg8 20. e5
Ne4 21. Nxe4 Qxe4 22. Re3 Qc6 23. Red3 h6 24. Qg3 d5 25. Rf3 Qc7 26. Rd4
Rdf8 27. Rh4 f5 28. exf6 Qxg3 29. hxg3 gxf6 30. Rxh6+ Kg7 31. Rh4 e5 32.
Rc3 Rf7 33. Rg4+ Kh7 34. Rxg8 Kxg8 35. Rc5 Rd7 36. a4 b4 37. a5 Kg7 38. Ba4
Re7 39. g4 Kh6 40. f3 Kg5 41. Kf2 f5 42. gxf5 Kxf5 43. c3 bxc3 44. Rxc3 d4
45. Rc5 Ke6 46. Rc1 Kd6 47. Rc4 Bd5 48. Rb4 Kc5 49. Rb6 e4 50. fxe4 Rf7+
51. Ke1 Bxe4 52. Bd1 Bxg2 53. Be2 Re7 54. Kd2 Be4 55. Bxa6 Rg7 56. b4+ Kd5
57. Bb7+ Ke5 58. Bxe4 Kxe4 59. a6 Rg2+ 60. Kc1 Ra2 61. b5 d3 62. Re6+ Kd4
63. Re7 d2+ 64. Kd1 Kd3 65. Rd7+ Kc4 66. Rb7 Kd3 67. Rd7+ Kc4 1/2-1/2

[Event "45th Capablanca Mem Open"]
[Site "Havana CUB"]
[Date "2010.06.17"]
[Round "7"]
[White "Delgado Ramos,H"]
[Black "Jimenez Fraga,P"]
[Result "1/2-1/2"]
[WhiteElo "2414"]
[BlackElo "2460"]
[EventDate "2010.06.10"]

1. e4 c5 2. Nf3 d6 3. d4 cxd4 4. Nxd4 Nf6 5. Nc3 a6 6. Bc4 e6 7. Bb3 b5 8.
O-O b4 9. Na4 Bd7 10. c3 Nc6 11. f3 a5 12. Be3 Rb8 13. Nxc6 Bxc6 14. Rc1
Ba8 15. c4 Be7 16. c5 O-O 17. cxd6 Bxd6 18. Qd4 Bf4 19. Rcd1 Bxe3+ 20. Qxe3
Qe7 21. Rc1 Rb5 22. Rc2 Rh5 23. Qb6 Nd7 24. Qc7 Qe8 25. Rd1 Ne5 26. Rc5 Bc6
27. Rxe5 Rxe5 28. Qxe5 Bxa4 29. Qxa5 Bxb3 30. axb3 Qe7 31. Qe5 Qa7+ 32. Qd4
Qa5 33. h3 h6 34. Qc4 Rb8 35. f4 Qa7+ 36. Qd4 Qa2 37. Qd6 Rb7 38. Qd8+ Kh7
39. Qc8 Qa7+ 40. Kh2 Rc7 41. Qd8 Rc2 42. Qd4 Qb7 1/2-1/2

[Event "45th Capablanca Mem Open"]
[Site "Havana CUB"]
[Date "2010.06.17"]
[Round "7"]
[White "Martinez Duany,L"]
[Black "Rasmussen,Kar"]
[Result "0-1"]
[WhiteElo "2515"]
[BlackElo "2428"]
[EventDate "2010.06.10"]

1. e4 c6 2. d4 d5 3. e5 Bf5 4. Nf3 e6 5. Be2 c5 6. Be3 cxd4 7. Nxd4 Ne7 8.
O-O Nbc6 9. f4 Nxd4 10. Bxd4 Nc6 11. Be3 d4 12. Bf2 g5 13. Nd2 gxf4 14. Nf3
Bc5 15. Qd2 Qd5 16. Qxf4 Rg8 17. c4 Qe4 18. Qxe4 Bxe4 19. g3 O-O-O 20. Nd2
Bg6 21. Nf3 Bb6 22. a3 Bc7 23. Rfe1 d3 24. Bd1 Bh5 25. Nd4 Nxd4 26. Bxh5
Rg5 27. Bxd4 Rxh5 28. Bc3 d2 29. Red1 Bxe5 30. Rxd2 Bxc3 31. Rxd8+ Kxd8 32.
bxc3 Rc5 33. Rd1+ Ke7 34. Rb1 b6 35. Rb4 Ra5 36. a4 Rf5 37. Kg2 h5 38. Rb5
Rxb5 39. cxb5 e5 40. Kf3 f5 41. h3 Kd6 42. Ke3 Kc5 43. Kd3 Kd5 44. c4+ Kc5
45. Kc3 e4 46. h4 a5 47. bxa6 Kc6 48. Kd4 Kc7 49. a5 bxa5 50. c5 a4 51. Kd5
a3 52. a7 Kb7 53. Kd6 a2 54. c6+ Kxa7 55. c7 a1=Q 56. c8=Q Qa6+ 0-1

[Event "45th Capablanca Mem Open"]
[Site "Havana CUB"]
[Date "2010.06.17"]
[Round "7"]
[White "Obregon Rivero,J"]
[Black "Perez Rodriguez,L"]
[Result "1/2-1/2"]
[WhiteElo "2410"]
[BlackElo "2484"]
[EventDate "2010.06.10"]

1. e4 c5 2. Nf3 d6 3. d4 cxd4 4. Nxd4 Nf6 5. Nc3 g6 6. Be3 Bg7 7. f3 O-O 8.
Qd2 Nc6 9. O-O-O d5 10. exd5 Nxd5 11. Nxc6 bxc6 12. Bd4 Nxc3 13. Qxc3 Bh6+
14. Be3 Bxe3+ 15. Qxe3 Qb6 16. Qxe7 Be6 17. Qa3 Rad8 18. Bd3 Rd5 19. Qc3
Rc5 20. Qd4 Rd8 21. Qf6 Rcd5 22. Rhe1 c5 23. Be4 Rxd1+ 24. Rxd1 Rxd1+ 25.
Kxd1 Qd6+ 26. Ke1 Qxh2 27. Kf2 Qd6 28. a3 h5 29. b3 Qd2+ 30. Kg1 Qe1+ 31.
Kh2 h4 32. Qg5 Qf2 33. f4 h3 34. Qg3 1/2-1/2

[Event "45th Capablanca Mem Open"]
[Site "Havana CUB"]
[Date "2010.06.17"]
[Round "7"]
[White "Gonzalez Vidal,Y"]
[Black "De la Paz Perdomo,F"]
[Result "0-1"]
[WhiteElo "2543"]
[BlackElo "2477"]
[EventDate "2010.06.10"]

1. e4 e5 2. Nf3 Nc6 3. Bc4 Bc5 4. c3 Nf6 5. d3 a6 6. Bb3 d6 7. O-O O-O 8.
h3 Re8 9. Re1 h6 10. Nbd2 Ba7 11. Nf1 Be6 12. N3h2 d5 13. Qf3 dxe4 14. dxe4
Nh7 15. Qg3 Bxb3 16. axb3 Re6 17. h4 Nf6 18. b4 Rd6 19. Qf3 Rd3 20. Be3 Nd4
21. cxd4 exd4 22. e5 dxe3 23. fxe3 Nd5 24. e6 fxe6 25. Qe4 Rb3 26. Qxe6+
Kh8 27. Ng4 Qg8 28. Qf5 Re8 29. Kh1 Qe6 30. e4 Nxb4 31. Rec1 Bb6 32. Rc3
Rxb2 33. Qh5 Nc6 34. Rd1 Ne5 35. Rd8 Rxd8 36. Nxe5 Kg8 0-1

[Event "45th Capablanca Mem Open"]
[Site "Havana CUB"]
[Date "2010.06.17"]
[Round "7"]
[White "Escobar Forero,A"]
[Black "Bacallao Alonso,Y"]
[Result "1-0"]
[WhiteElo "2474"]
[BlackElo "2500"]
[EventDate "2010.06.10"]

1. e4 c5 2. Nf3 d6 3. d4 cxd4 4. Nxd4 Nf6 5. Nc3 a6 6. h3 g6 7. g4 Bg7 8.
Bg2 Bd7 9. g5 Nh5 10. Be3 Nc6 11. Qd2 O-O 12. Nde2 b5 13. a3 a5 14. f4 b4
15. Na4 Rb8 16. O-O Qc7 17. axb4 axb4 18. Ra2 f6 19. h4 f5 20. e5 Kh8 21.
Rd1 Rfe8 22. b3 Bc8 23. exd6 exd6 24. Nb2 d5 25. Bxd5 Rd8 26. Qe1 Bb7 27.
Nc4 Qe7 28. Kf2 Re8 29. Qh1 Rbd8 30. Bf3 Rc8 31. Rd6 Nd8 32. Rxd8 Rcxd8 33.
Bxb7 Rd2 34. Bf3 Nxf4 35. Bxd2 Nxe2 36. Be3 Bd4 37. Bxd4+ Nxd4 38. Qa1 1-0

[Event "45th Capablanca Mem Open"]
[Site "Havana CUB"]
[Date "2010.06.17"]
[Round "7"]
[White "Gomez Garrido,C"]
[Black "Fernandez Garcia,JoseL1"]
[Result "1/2-1/2"]
[WhiteElo "2498"]
[BlackElo "2430"]
[EventDate "2010.06.10"]

1. e4 e5 2. Nf3 Nc6 3. Bb5 a6 4. Ba4 Nf6 5. O-O Be7 6. Re1 b5 7. Bb3 d6 8.
c3 O-O 9. h3 a5 10. a4 b4 11. d4 bxc3 12. Nxc3 Nxd4 13. Nxd4 exd4 14. Qxd4
Rb8 15. Bc4 c6 16. Bf4 Rxb2 17. e5 dxe5 18. Qxe5 Rb4 19. Rad1 Rxc4 20. Rxd8
Bxd8 21. Bd2 Bd7 22. Qe2 Be6 23. Qd3 Bd5 24. Rb1 Ne4 25. Nxd5 cxd5 26. Be1
Rxa4 27. Qxd5 Bf6 28. Qc6 Rd4 29. Bxa5 Ng5 30. Bc3 Rf4 31. Qd6 Ne6 32. Bxf6
Rxf6 33. Qe5 Nf4 34. Qe4 h6 35. Ra1 Ne6 36. Qe5 Nf4 37. Ra3 Rd8 38. Rg3 Ng6
39. Qh5 Rd2 40. Rf3 Rd1+ 41. Kh2 Rdd6 42. Rxf6 Rxf6 43. Qc5 Nf4 44. g3 Ne6
45. Qa7 g5 46. Kg2 Nf8 47. Qd4 Nh7 48. h4 Re6 49. Qd5 Rf6 50. Qd8+ Kg7 51.
Qd4 Kg8 52. Kh3 Re6 53. f4 gxf4 54. Qxf4 Kg7 55. Qg4+ Kf8 56. Qf5 Nf6 57.
g4 Kg7 58. g5 hxg5 59. Qxg5+ Kf8 60. Qh6+ Kg8 61. Qg5+ Kf8 62. Qh6+ Kg8
1/2-1/2